Obálka Náhled e-knihy:
Epub
Pro půjčování e-knih musíte být přihlášeni.
Jak si půjčit online?

Továrna na absolutno /

Inženýr Marek vynalezne zázračný stroj „Karburátor“, který dokáže získávat energii rozkládáním hmoty. Vedlejším produktem tohoto procesu je vytvoření Absolutna, esence, která působí na lidi kolem. Ti se vlivem účinku této božské síly obracejí na víru, konají zázraky, chovají se ušlechtile a jsou šťa...

Celý popis

Uloženo v:
Hlavní autor: Čapek, Karel (Autor)
Médium: E-kniha
Jazyk:Czech
Vydáno: Praha : Artis, 2021
Tagy:
Žádné tagy
LEADER 01708nam a22002297i 4500
001 311348
007 ta
008 260601s2021 xr ||||| |||| 00| 0 cze d
020 |a 9990003259653 
044 |a xr 
100 1 |a  Čapek, Karel  |4 aut 
245 1 0 |a Továrna na absolutno /  |c  Čapek, Karel 
264 1 |a Praha :  |b Artis,  |c 2021 
300 |a 1 online zdroj (116 stran) 
336 |a text  |b txt  |2 rdacontent 
337 |a bez média  |b n  |2 rdamedia 
338 |a online zdroj  |b cr  |2 rdacarrier 
520 2 |a Inženýr Marek vynalezne zázračný stroj „Karburátor“, který dokáže získávat energii rozkládáním hmoty. Vedlejším produktem tohoto procesu je vytvoření Absolutna, esence, která působí na lidi kolem. Ti se vlivem účinku této božské síly obracejí na víru, konají zázraky, chovají se ušlechtile a jsou šťastní. Brzy se tento stroj začne šířit po celém světě, kde nastává ohromný nárůst výroby a náboženské víry. Po čase se ale vše obrátí a kvůli nadbytku výrobků se hroutí světový trh. Snaha lidí zarputile prosazovat svou víru skončí krvavými náboženskými válkami a nastává všeobecný světový chaos, tzv. „Největší válka“, do které je zapojen celý svět. Lidé se postupně snaží svět od záhadných karburátorů očistit... 
910 |a RBIT002 
998 |d 325965  |a https://core.palmknihy.cz/api/books/325965/cover?qtt0sg  |b https://core.palmknihy.cz/api/books/325965/cover/400?qtt0sg  |c https://core.palmknihy.cz/api/books/325965/cover/50?qtt0sg  |e 2099-01-01  |g 116  |i 9990003259653  |j https://core.palmknihy.cz/api/books/325965/preview.epub  |l   |q 49  |r 1  |s https://www.palmknihy.cz/kniha/325965  |t ebook  |y 2021  |z 1 
999 |d 311346